[Event "Mazowiec-chT op 1819"]
[Site "Warsaw"]
[Date "2019.02.17"]
[Round "7.7"]
[White "Wolski, Michal"]
[Black "Kurkowski, Zbigniew"]
[Result "0-1"]
[WhiteElo "1373"]
[BlackElo "1949"]
[PlyCount "118"]
[EventDate "2018.12.02"]
[EventType "team-swiss"]
[EventRounds "10"]
[EventCountry "POL"]
[SourceTitle "EXT 2020"]
[Source "ChessBase"]
[SourceDate "2019.10.17"]
[SourceVersion "1"]
[SourceVersionDate "2019.10.17"]
[SourceQuality "1"]

1. d4 Nf6 2. c4 e6 3. Nc3 Bb4 4. Bd2 0-0 5. Nf3 d5 6. e3 c5 7. Qc2 cxd4 8. exd4 dxc4 9. Bxc4 Nc6 10. Be3 a6 11. 0-0 b5 12. Be2 Bb7 13. Rfd1 Ne7 14. Rac1 Rc8 15. Qb3 Bd6 16. a3 Ned5 17. Nxd5 Bxd5 18. Qd3 h6 19. Nd2 Rxc1 20. Rxc1 Qb8 21. h3 Rc8 22. Rc3 Rxc3 23. Qxc3 Ne4 24. Nxe4 Bxe4 25. Bd3 Bd5 26. Qa5 Qa8 27. Qb6 Bf8 28. Bf1 g6 29. Qc7 Bg7 30. Qc5 Qc6 31. Qxc6 Bxc6 32. Bd3 Kf8 33. f3 f5 34. Kf1 Ke7 35. Ke2 Kd6 36. Bc2 Bd5 37. b3 g5 38. Bf2 f4 39. a4 bxa4 40. bxa4 Bc4+ 41. Ke1 e5 42. dxe5+ Bxe5 43. Bb6 Kc6 44. Ba7 Bc3+ 45. Kf2 Bb4 46. Bd4 Bc5 47. Bxc5 Kxc5 48. g3 Kb4 49. h4 Kc3 50. Bf5 Kb4 51. hxg5 hxg5 52. gxf4 gxf4 53. Be4 Kxa4 54. Kg2 Be6 55. Kf2 Kb3 56. Bc6 Kc3 57. Ke2 Bb3 58. Kf2 Kd2 59. Kg2 a5 0-1